Marketingový mix vybraného produktu potravinárskeho podniku bakalárska práca

Gespeichert in:
Bibliographische Detailangaben
1. Verfasser: Kovácsová, Bohuslava
Körperschaft: Obchodná fakulta EU. Katedra marketingu
Weitere Verfasser: Filo, Peter
Format: Buch
Sprache:Slowakisch
Veröffentlicht: Bratislava 2018
Tags: Tag hinzufügen
Keine Tags, Fügen Sie das erste Tag hinzu!

MARC

LEADER 00000nbm a2200000 4500
001 0244990
005 20180815085409.7
041 0 |a slo 
044 |a SK 
245 1 0 |a Marketingový mix vybraného produktu potravinárskeho podniku  |b bakalárska práca  |c Bohuslava Kovácsová ; školiteľ: Peter Filo 
264 1 |a Bratislava  |c 2018 
300 |a 46 s. 
100 1 |a Kovácsová, Bohuslava 
700 1 |a Filo, Peter 
710 2 |a Obchodná fakulta EU. Katedra marketingu